Essentials of business law (Record no. 1798)

000 -LEADER
fixed length control field 01317nam a22001697a 4500
003 - CONTROL NUMBER IDENTIFIER
control field OSt
005 - DATE AND TIME OF LATEST TRANSACTION
control field 20150512161426.0
008 - FIXED-LENGTH DATA ELEMENTS--GENERAL INFORMATION
fixed length control field 150512b xxu||||| |||| 00| 0 eng d
050 ## - LIBRARY OF CONGRESS CALL NUMBER
Classification number KD1629.3 M33 2007
100 ## - MAIN ENTRY--PERSONAL NAME
Personal name MacIntyre,Ewan
245 ## - TITLE STATEMENT
Title Essentials of business law
Statement of responsibility, etc Ewan MacIntyre
260 ## - PUBLICATION, DISTRIBUTION, ETC. (IMPRINT)
Place of publication, distribution, etc Harlow :
Name of publisher, distributor, etc Pearson Longman,
Date of publication, distribution, etc 2007.
300 ## - PHYSICAL DESCRIPTION
Extent xxxiii, 464p
504 ## - BIBLIOGRAPHY, ETC. NOTE
Bibliography, etc Includes indexes.
505 ## - FORMATTED CONTENTS NOTE
Formatted contents note Preface Table of Cases Table of Statutes Table of Statutory Instruments Table of European Legislation Study skills 1.The legal system 2. Making a contract 3. The terms of the contract 4. Misrepresentation, Mistake, Duress and Illegality 5. Discharge of contracts and remedies for breach 6. Agency 7. The Sale of Goods Act 1979 8. The tort of negligence 9. Nuisance, Trespass, Defamation and Vicarious Liability 10. Companies (1): Characteristics and formation 11. Companies (2): Management, control and winding up 12. Partnership, limited liability partnership and choice of legal status 13. Employment (1): The contract of employment, employment rights and dismissal 14. Employment (2): Discrimination and Health and Safety 15. Regulation of business by the criminal law 16. Credit transactions and intellectual property rights 17. The resolution of business disputes Glossary Index
942 ## - ADDED ENTRY ELEMENTS (KOHA)
Source of classification or shelving scheme
Koha item type Book
Holdings
Withdrawn status Lost status Source of classification or shelving scheme Damaged status Not for loan Home library Current library Shelving location Date acquired Total Checkouts Full call number Barcode Date last seen Date checked out Copy number Price effective from Koha item type
          Riara University Library Riara University Library General stack 12/05/2015 8 KD1629.3 M33 2007 5789/15 28/09/2022 16/05/2022 C.1 12/05/2015 Book

Riara University Library,
P.O. Box 49940-00100,
Nairobi, Kenya.